000 01691nam a2200337 a 4500
001 ebr10583979
003 CaPaEBR
006 m u
007 cr cn|||||||||
008 120126s2012 ne a sb 001 0 eng d
010 _z 2012002089
020 _z9789027213525 (hb alk. paper)
020 _z9789027274632 (e-book)
040 _aCaPaEBR
_cCaPaEBR
035 _a(OCoLC)805071310
050 1 4 _aBF311
_b.C6534 2012eb
082 0 4 _a153
_223
245 0 0 _aConsciousness in interaction
_h[electronic resource] :
_bthe role of the natural and social context in shaping consciousness /
_cedited by Fabio Paglieri.
260 _aAmsterdam ;
_aPhiladelphia :
_bJohn Benjamins Pub. Co.,
_cc2012.
300 _axix, 403 p. :
_bill., port.
490 1 _aAdvances in consciousness research (AiCR). Series A, Theory and method,
_x1381-589X ;
_vv. 86
504 _aIncludes bibliographical references and index.
505 0 _asection 1. Phenomenal consciousness : brain, action and interaction -- section 2. Social cognition, self-control, artifacts and emotions : the role of consciousness -- section 3. Historical perspectives on consciousness in interaction.
533 _aElectronic reproduction.
_bPalo Alto, Calif. :
_cebrary,
_d2011.
_nAvailable via World Wide Web.
_nAccess may be limited to ebrary affiliated libraries.
650 0 _aConsciousness.
655 7 _aElectronic books.
_2local
700 1 _aPaglieri, Fabio.
710 2 _aebrary, Inc.
830 0 _aAdvances in consciousness research.
_nSeries A,
_pTheory and method ;
_vv. 86.
856 4 0 _uhttp://site.ebrary.com/lib/rucke/Doc?id=10583979
_zAn electronic book accessible through the World Wide Web; click to view
999 _c82451
_d82451